The world in the twentieth century.

Bibliographic Details
Main Author: Bruun, Geoffrey, 1898-1988
Format: Book
Language:English
Published: Boston : Heath, [1948]
Subjects:

MARC

Tag First Indicator Second Indicator Subfields
LEADER 00000cam a2200000 4500
001 in00000609721
005 20151014163057.0
008 741202s1948 maua 00100 eng
010 |a  48006294  
035 |a (OCoLC)01096575 
035 |9 ACS2483AM 
040 |c CIN  |d TXA  |d UtOrBLW 
049 |a TXAM  |c [154819] 
050 0 0 |a D421  |b .B75 
100 1 |a Bruun, Geoffrey,  |d 1898-1988. 
245 1 4 |a The world in the twentieth century. 
264 1 |a Boston :  |b Heath,  |c [1948] 
264 4 |c [©1948] 
300 |a xxiv, 799 pages :  |b illustrations ;  |c 25 cm. 
336 |a text  |b txt  |2 rdacontent 
337 |a unmediated  |b n  |2 rdamedia 
338 |a volume  |b nc  |2 rdacarrier 
504 |a "Aids for additional study": pages [723]-775. 
650 0 |a Twentieth century. 
650 0 |a History, Modern  |y 20th century. 
999 |a MARS 
999 f f |s 84ba9b7a-b7ab-3202-8268-99228c5a13f4  |i 8a67e9a2-841a-3227-9783-39c4220b9ee9  |t 0 
952 f f |p ric  |a Texas A&M University  |b Rellis Campus  |c Joint Library Facility  |d Remote Storage  |t 0  |e D421 .B75  |h Library of Congress classification  |i unmediated -- volume  |m A14801879653 
998 f f |a D421 .B75  |t 0  |l Remote Storage